000 00824nam a2200217Ii 4500
003 JO-AjNU
008 230605s9999||||xx |||||||||||||| ||und||
017 _a2006/10/2743
040 _aJO-AjNU
_bara
_erda
_cJO-AjNU
041 _aara
050 1 4 _aBP465.M87 2007
100 3 _aمصطفى، محمد شريف,
_eauthor
_916410
245 0 0 _aالإختلاف الفقهي : معناه ، نشأته ، أنواعه ، أسبابه ، ضوابطه
250 _aط1
264 3 1 _aبيروت: المكتب الاسلامي للطباعة والنشر، 2007
300 _a100ص
_bالمصادر والمراجع ص88-97
336 _atext
_btxt
_2rdacontent
337 _aunmediated
_bn
_2rdamedia
338 _avolume
_bnc
_2rdacarrier
650 4 _aالاختلاف- الاجتهاد- اصول الفقه- مذاهب
_916411
999 _aA4855
_c8423
_d8423